Statistics for Fast Typing Quiz by Spelling

Click here to take the quiz!

General Stats

  • This quiz has been taken 50 times
  • The average score is 24 of 25

Answer Stats

WordCopy% Correct
SoSo
100%
BinsBins
100%
BreadBread
100%
TombTomb
100%
GrandGrand
100%
ManMan
100%
FriendFriend
98%
GreatGreat
98%
MemesMemes
98%
GraduateGraduate
98%
FracturedFractured
95%
PreciousPrecious
95%
GovernmentGovernment
95%
GrenadierGrenadier
95%
FilipinoFilipino
95%
MississippiMississippi
95%
DesperatelyDesperately
95%
DaresDares
95%
NecessarilyNecessarily
93%
WindmillsWindmills
93%
CroquetCroquet
93%
PerpendicularPerpendicular
93%
ChemotherapyChemotherapy
93%
SatisfyinglySatisfyingly
93%
ThankfulnessThankfulness
93%

Score Distribution

Percentile by Number Answered

Percent of People with Each Score

Your Score History

You have not taken this quiz